[Event "European Youth Chess Championship B8"]
[Site "Prague, Top Hotel Prague"]
[Date "2016.08.25"]
[Round "7.17"]
[White "Gungor, Cihan Akif"]
[Black "Razhbadinov, Rasul"]
[Result "1-0"]
[WhiteElo "1451"]
[BlackElo "1263"]
[PlyCount "55"]
[EventDate "2016.08.18"]

1. e4 e5 2. Nf3 Nc6 3. Bc4 Bc5 4. c3 Nf6 5. d4 exd4 6. cxd4 Bb4+ 7. Bd2 Bxd2+
8. Nbxd2 d5 9. exd5 Nxd5 10. O-O O-O 11. Rc1 Nb6 12. Nb3 Bg4 13. Be2 Re8 14. h3
Bh5 15. Bb5 Re6 16. Nc5 Bxf3 17. Nxe6 fxe6 18. Qxf3 Nxd4 19. Qd3 c6 20. Bc4 Na4
21. Qa3 b5 22. Rfe1 Qf6 23. Qd6 bxc4 24. Rxc4 Rd8 25. Qa3 Nb6 26. Rcc1 Qf7 27.
Rcd1 Rf8 28. Qg3 {n.r.} 1-0

[Event "European Youth Chess Championship B8"]
[Site "Prague, Top Hotel Prague"]
[Date "2016.08.25"]
[Round "7.18"]
[White "Magold, Filip"]
[Black "Fava, Lorenzo"]
[Result "1-0"]
[WhiteElo "1431"]
[BlackElo "1220"]
[PlyCount "117"]
[EventDate "2016.08.18"]

1. d4 d5 2. c4 c6 3. cxd5 cxd5 4. Nc3 Nf6 5. Nf3 e6 6. Bg5 Nc6 7. e4 h6 8. Bxf6
Qxf6 9. exd5 exd5 10. Nxd5 Qe6+ 11. Qe2 Bb4+ 12. Nxb4 Qxe2+ 13. Bxe2 Nxb4 14.
O-O Bg4 15. Bb5+ Nc6 16. d5 Bxf3 17. gxf3 a6 18. Rfe1+ Kd7 19. dxc6+ bxc6 20.
Ba4 Rab8 21. b3 Rhe8 22. Rad1+ Kc7 23. Kf1 Rxe1+ 24. Rxe1 Kd7 25. Ke2 Re8+ 26.
Kd2 Rxe1 27. Kxe1 Kd6 28. Kd2 c5 29. Kd3 Kd5 30. Be8 f6 31. a4 g5 32. Bg6 a5
33. Be4+ Ke5 34. Kc4 Kd6 35. Kb5 Ke5 36. Kxc5 f5 37. Bd3 Kf4 38. Kb5 Kxf3 39.
Bxf5 Kxf2 40. Kxa5 h5 41. b4 g4 42. Be4 h4 43. b5 g3 44. hxg3 hxg3 45. b6 g2
46. Bxg2 Kxg2 47. b7 Kf3 48. b8=Q Ke3 49. Qe5+ Kd3 50. Kb4 Kc2 51. Qe3 Kd1 52.
a5 Kc2 53. a6 Kd1 54. a7 Kc2 55. a8=Q Kd1 56. Qaf3+ Kc2 57. Qee2+ Kb1 58. Qfe4+
Kc1 59. Q4c2# 1-0

[Event "European Youth Chess Championship B8"]
[Site "Prague, Top Hotel Prague"]
[Date "2016.08.25"]
[Round "7.19"]
[White "Ribstein, Orel"]
[Black "Zieba, Hubert"]
[Result "0-1"]
[WhiteElo "1315"]
[BlackElo "1142"]
[PlyCount "74"]
[EventDate "2016.08.18"]

1. d4 Nf6 2. Nf3 g6 3. e3 Bg7 4. Be2 O-O 5. Nbd2 d6 6. b3 c5 7. Bb2 Nc6 8. O-O
b6 9. c4 cxd4 10. exd4 Bd7 11. a3 Rc8 12. d5 Na5 13. Nd4 Nb7 14. b4 Qc7 15. Rc1
Qb8 16. Bd3 Rc7 17. Re1 Re8 18. N2f3 a5 19. h3 Qa7 20. Qb3 Rd8 21. Rxe7 Ba4 22.
Qxa4 Rxe7 23. Nc6 Nc5 24. bxc5 Qc7 25. Nxe7+ Qxe7 26. Re1 Qc7 27. c6 Ne8 28.
Bxg7 Nxg7 29. Nd4 h6 30. Nb5 Qc8 31. Re7 Re8 32. Rd7 Re1+ 33. Kh2 Qe8 34. Qc2
Qe5+ 35. g3 Qf6 36. Nc3 Qf3 37. Be4 Rh1# 0-1

[Event "European Youth Chess Championship B8"]
[Site "Prague, Top Hotel Prague"]
[Date "2016.08.25"]
[Round "7.22"]
[White "Costa, Leonardo"]
[Black "Kecskemeti, Arnold"]
[Result "1-0"]
[WhiteElo "1600"]
[BlackElo "1067"]
[PlyCount "97"]
[EventDate "2016.08.18"]

1. e4 e6 2. d4 d5 3. exd5 exd5 4. Nc3 c6 5. Nf3 Bd6 6. Bd3 Nf6 7. O-O O-O 8.
Re1 Be6 9. Bg5 Nbd7 10. Ne5 Qc7 11. Nxd7 Nxd7 12. h3 h6 13. Qh5 f5 14. Rxe6
hxg5 15. Qxg5 Bf4 16. Qh5 Nf6 17. Qf3 Ne4 18. Ne2 Bh2+ 19. Kh1 Ng5 20. Qe3 Nxe6
21. Qxe6+ Qf7 22. Qxf7+ Rxf7 23. Kxh2 f4 24. Ng1 Rf6 25. Re1 Rff8 26. Re7 b6
27. Nf3 Rfe8 28. Rxe8+ Rxe8 29. h4 c5 30. c3 c4 31. Bf1 a5 32. Kh3 b5 33. Kg4
Rf8 34. Ne5 b4 35. Ng6 Rf6 36. Nxf4 Rd6 37. Nxd5 Rg6+ 38. Kh3 Rh6 39. Bxc4 g5
40. g3 gxh4 41. gxh4 bxc3 42. Nxc3+ Kh7 43. d5 Kg7 44. Ne4 Kf8 45. d6 Ke8 46.
Bb5+ Kd8 47. Ng5 Rf6 48. d7 Rxf2 49. Ne6+ 1-0

[Event "European Youth Chess Championship B8"]
[Site "Prague, Top Hotel Prague"]
[Date "2016.08.26"]
[Round "8.1"]
[White "Suleymanov, Ali"]
[Black "Mogirzan, Matei-Valeriu"]
[Result "1-0"]
[WhiteElo "1378"]
[BlackElo "1475"]
[PlyCount "75"]
[EventDate "2016.08.18"]

1. d4 d5 2. c4 dxc4 3. e3 Nf6 4. Bxc4 e6 5. Nf3 a6 6. O-O Nbd7 7. Nc3 b5 8. Bb3
Bb4 9. Qc2 Bb7 10. Ne1 O-O 11. Nd3 Bxc3 12. bxc3 Be4 13. Ba3 c5 14. c4 b4 15.
Bb2 a5 16. Qe2 a4 17. Bc2 a3 18. Bc1 cxd4 19. exd4 Nb6 20. c5 Qxd4 21. Be3 Bxd3
22. Bxd3 Qb2 23. cxb6 Nd5 24. Qxb2 axb2 25. Rab1 Ra3 26. Bc4 Nxe3 27. fxe3 Rc3
28. Bb3 Rxe3 29. Rxb2 Rb8 30. Rd1 h6 31. Bc2 g6 32. Rxb4 Ra3 33. b7 Rxa2 34.
Be4 f5 35. Rc1 fxe4 36. Rc8+ Kf7 37. Rxb8 e3 38. Kf1 1-0

[Event "European Youth Chess Championship B8"]
[Site "Prague, Top Hotel Prague"]
[Date "2016.08.26"]
[Round "8.2"]
[White "Pingin, Artem"]
[Black "Thatte, Nishchal"]
[Result "1-0"]
[WhiteElo "1560"]
[BlackElo "1397"]
[PlyCount "95"]
[EventDate "2016.08.18"]

1. e4 e6 2. Nf3 d5 3. e5 c5 4. b4 cxb4 5. d4 Nc6 6. a3 Bd7 7. axb4 Bxb4+ 8. c3
Ba5 9. Bd3 Nge7 10. Qe2 h6 11. Bd2 Nf5 12. h4 Rc8 13. Na3 a6 14. g4 Nfe7 15. h5
Qb6 16. Rb1 Qc7 17. g5 hxg5 18. Nxg5 Nd8 19. Rc1 Nec6 20. Kf1 b5 21. h6 gxh6
22. Nh7 Nb7 23. Rxh6 Kd8 24. Qh5 Be8 25. Bg5+ Ne7 26. Nf6 Rxh6 27. Qxh6 Qb8 28.
Qf8 Kc7 29. Qxe7+ Kb6 30. Be3 Bxc3 31. Nb1 b4 32. Nxc3 bxc3 33. Qb4+ Ka7 34.
Bxa6 Nd8 35. Qa3 Qb6 36. Bxc8+ Kb8 37. Qxc3 Bb5+ 38. Kg1 Nc6 39. Nd7+ Kxc8 40.
Nxb6+ Kb7 41. Rb1 Kxb6 42. Qc5+ Kc7 43. Rxb5 Kd7 44. Qd6+ Kc8 45. Qxc6+ Kd8 46.
Bg5+ f6 47. exf6 e5 48. f7# 1-0

[Event "European Youth Chess Championship B8"]
[Site "Prague, Top Hotel Prague"]
[Date "2016.08.26"]
[Round "8.3"]
[White "Bialiauski, Artsiom"]
[Black "Habans, Aguerrea Javier"]
[Result "1/2-1/2"]
[WhiteElo "1436"]
[BlackElo "1544"]
[PlyCount "117"]
[EventDate "2016.08.18"]

1. e4 c5 2. c3 d5 3. exd5 Qxd5 4. d4 cxd4 5. cxd4 Nc6 6. Nf3 e5 7. Nc3 Bb4 8.
Bd2 Bxc3 9. Bxc3 e4 10. Ne5 Nxe5 11. dxe5 Ne7 12. Qxd5 Nxd5 13. Bd4 O-O 14. Bc4
Be6 15. Rd1 Nf4 16. Bxe6 Nxe6 17. Bc3 Nf4 18. g3 Nd3+ 19. Ke2 Rad8 20. Ke3 f5
21. exf6 gxf6 22. g4 Kf7 23. Rhg1 Rfe8 24. Rd2 Kg6 25. a3 b5 26. Bd4 Re7 27.
Rc2 Red7 28. Bc3 Re8 29. Rd1 Re6 30. Rcd2 h6 31. Rg1 Kf7 32. Rg3 Rb6 33. Rh3
Kg6 34. Rh5 a6 35. Rf5 Re6 36. Rf4 Rd5 37. Rxe4 Red6 38. Rd4 Re6+ 39. Kxd3
Rxd4+ 40. Kxd4 Kg5 41. f3 Kf4 42. Rd3 Rd6+ 43. Kc5 Rxd3 44. Bxf6 Kxf3 45. Be5
Kxg4 46. Kb6 Re3 47. Bg3 Re2 48. Kxa6 Rxb2 49. Be5 Rb3 50. Bd6 h5 51. Bb4 h4
52. Kxb5 h3 53. a4 Kf3 54. a5 Rd3 55. a6 Kg2 56. a7 Rd8 57. Bd6 Rxd6 58. a8=Q+
Kxh2 59. Qb8 1/2-1/2

[Event "European Youth Chess Championship B8"]
[Site "Prague, Top Hotel Prague"]
[Date "2016.08.26"]
[Round "8.4"]
[White "Pashikyan, Rudolf"]
[Black "Abasov, Yusif"]
[Result "1-0"]
[WhiteElo "1465"]
[BlackElo "1398"]
[PlyCount "83"]
[EventDate "2016.08.18"]

1. e4 c5 2. Nf3 d6 3. c3 Nf6 4. Be2 Nc6 5. d3 Bd7 6. O-O g6 7. Be3 Bg7 8. h3
O-O 9. Nbd2 a6 10. d4 cxd4 11. cxd4 Ne8 12. Nb1 b5 13. a3 Nc7 14. Nc3 Rb8 15.
Rc1 e5 16. Rc2 Qc8 17. Nd5 exd4 18. Rxc6 Qd8 19. Rxc7 dxe3 20. fxe3 Re8 21. Ng5
Qxg5 22. Rxd7 Rf8 23. Qb3 Rbd8 24. Ne7+ Kh8 25. Rxf7 Qg3 26. Rxd8 Rxd8 27. Rf3
Qg5 28. Nd5 Rc8 29. Nc3 Qh4 30. Qd1 Be5 31. Qf1 Bg7 32. Qf2 Qxf2+ 33. Kxf2 Bxc3
34. bxc3 Kg7 35. e5 dxe5 36. e4 Rc7 37. Ke1 Kh6 38. h4 Rc6 39. Kd2 Rd6+ 40. Rd3
Rf6 41. Rd5 Rf2 42. g4 1-0

[Event "European Youth Chess Championship B8"]
[Site "Prague, Top Hotel Prague"]
[Date "2016.08.26"]
[Round "8.5"]
[White "Sepiashvili, Ivan"]
[Black "Ivanov, Svetlen"]
[Result "0-1"]
[WhiteElo "1401"]
[BlackElo "1646"]
[PlyCount "88"]
[EventDate "2016.08.18"]

1. e4 c5 2. Nf3 e6 3. d4 cxd4 4. Nxd4 Nc6 5. Nb5 d6 6. Bf4 e5 7. Be3 Nf6 8. Bg5
Be7 9. N1c3 h6 10. Bxf6 gxf6 11. Nd5 Kf8 12. Nxe7 Kxe7 13. Qd2 a6 14. Nc3 Be6
15. O-O-O Nd4 16. f4 Rc8 17. Bd3 b5 18. Nd5+ Bxd5 19. exd5 Qb6 20. Rhf1 b4 21.
Kb1 Rc5 22. fxe5 dxe5 23. Be4 a5 24. d6+ Qxd6 25. c3 bxc3 26. bxc3 Nb5 27. Qe3
Nxc3+ 28. Kb2 Nxd1+ 29. Rxd1 Rb5+ 30. Kc1 Rc8+ 31. Bc2 Qc5 32. Qd3 Kf8 33. Qh7
Qa3+ 34. Kd2 Qc3+ 35. Kc1 Qb2+ 36. Kd2 Rd5+ 37. Ke1 Qc3+ 38. Kf1 Rxd1+ 39. Bxd1
Ke7 40. Bb3 Qc1+ 41. Ke2 Qb2+ 42. Kf3 Rc3+ 43. Kg4 Qxg2+ 44. Kf5 Qf3# 0-1

[Event "European Youth Chess Championship B8"]
[Site "Prague, Top Hotel Prague"]
[Date "2016.08.26"]
[Round "8.6"]
[White "Cohen, Elad"]
[Black "Pershin, Patrik"]
[Result "1-0"]
[WhiteElo "1456"]
[BlackElo "1252"]
[PlyCount "111"]
[EventDate "2016.08.18"]

1. e4 c6 2. d4 d5 3. exd5 cxd5 4. Bd3 Nc6 5. Nf3 g6 6. Bf4 Qb6 7. Nc3 Be6 8.
Nb5 Rc8 9. Rb1 a6 10. Nc3 Nxd4 11. Nxd4 Qxd4 12. Bb5+ axb5 13. Qxd4 Nf6 14. O-O
Bg7 15. Be5 O-O 16. Bxf6 Bxf6 17. Qd2 Kh8 18. Ne2 Bf5 19. Nd4 Bd7 20. f4 Rc4
21. Ne2 Rfc8 22. c3 Bf5 23. Rbe1 Rd8 24. Nd4 Bxd4+ 25. cxd4 Rc2 26. Qe3 Be4 27.
Rf2 Rc4 28. Rc1 Rdc8 29. Rxc4 Rxc4 30. h3 h5 31. b3 Rc7 32. Rf1 Rc2 33. Rf2 Rc7
34. Qe2 b4 35. Qb5 Rc1+ 36. Kh2 Kg7 37. Re2 Rd1 38. Qxb4 e6 39. Rd2 Rf1 40.
Qxb7 Rxf4 41. a4 g5 42. Qc7 Kg6 43. Qxf4 gxf4 44. a5 h4 45. a6 f3 46. gxf3 e5
47. fxe4 dxe4 48. a7 e3 49. Re2 exd4 50. a8=Q d3 51. Qe4+ f5 52. Qxd3 Kg7 53.
Qxe3 f4 54. Qxf4 Kg6 55. Rg2+ Kh5 56. Qg5# 1-0

[Event "European Youth Chess Championship B8"]
[Site "Prague, Top Hotel Prague"]
[Date "2016.08.26"]
[Round "8.7"]
[White "Milanovic, Marko"]
[Black "Borowik, Wojciech"]
[Result "1-0"]
[WhiteElo "1372"]
[BlackElo "1347"]
[PlyCount "35"]
[EventDate "2016.08.18"]

1. e4 e5 2. Nf3 Nc6 3. Bc4 Bc5 4. O-O Nf6 5. d4 Bxd4 6. Nxd4 Nxd4 7. f4 d6 8.
fxe5 dxe5 9. Bg5 Bg4 10. Bxf7+ Kxf7 11. Qxg4 Nc6 12. Nc3 h6 13. Bxf6 Qd4+ 14.
Kh1 gxf6 15. Rad1 Qe3 16. Rd7+ Ke8 17. Qe6+ Kf8 18. Qf7# 1-0

[Event "European Youth Chess Championship B8"]
[Site "Prague, Top Hotel Prague"]
[Date "2016.08.26"]
[Round "8.8"]
[White "Cvetkovski, Gjorgji"]
[Black "Dovbnia, Nikita"]
[Result "0-1"]
[WhiteElo "1128"]
[BlackElo "1356"]
[PlyCount "50"]
[EventDate "2016.08.18"]

1. e4 c5 2. Nf3 a6 3. Bc4 e6 4. Nc3 Nc6 5. a3 Nf6 6. d3 d5 7. exd5 exd5 8. Ba2
Be7 9. h3 h6 10. O-O O-O 11. d4 c4 12. b3 b5 13. Ne5 Qc7 14. Re1 Bd6 15. f4 Bb7
16. Bb2 Nxd4 17. Nxd5 Nxd5 18. Bxd4 cxb3 19. Bxb3 Nxf4 20. Nf3 Rfe8 21. Rxe8+
Rxe8 22. Bc3 Ne2+ 23. Kh1 Bxf3 24. gxf3 Qxc3 25. Rb1 Qxf3# 0-1

[Event "European Youth Chess Championship B8"]
[Site "Prague, Top Hotel Prague"]
[Date "2016.08.26"]
[Round "8.9"]
[White "Pham, Chi Cuong"]
[Black "Orujov, Farid"]
[Result "1-0"]
[WhiteElo "1313"]
[BlackElo "1462"]
[PlyCount "75"]
[EventDate "2016.08.18"]

1. e4 c5 2. Nf3 d6 3. d4 cxd4 4. Nxd4 Nf6 5. Nc3 g6 6. f4 Bg7 7. e5 dxe5 8.
fxe5 Ng4 9. Bb5+ Bd7 10. Qxg4 Bxb5 11. Ndxb5 Bxe5 12. Bf4 Nc6 13. O-O O-O 14.
Bxe5 Nxe5 15. Qd4 Qb8 16. Rfe1 Nc6 17. Qf2 a6 18. Nd4 e6 19. Nxc6 bxc6 20. b3
Qb4 21. Qf6 Rfe8 22. Re3 e5 23. a3 Qd4 24. Rae1 Re6 25. Qf2 Qd6 26. b4 f5 27.
Rd1 Qe7 28. Red3 e4 29. Rd7 e3 30. Qe2 Qg5 31. Qc4 Rae8 32. Ne2 Kh8 33. Qc3+
Rf6 34. R1d6 Ref8 35. Qe5 Qh4 36. g3 Qe4 37. Rxf6 Rxf6 38. Qxf6+ 1-0

[Event "European Youth Chess Championship B8"]
[Site "Prague, Top Hotel Prague"]
[Date "2016.08.26"]
[Round "8.10"]
[White "Vagman, Roy"]
[Black "Gungor, Cihan Akif"]
[Result "0-1"]
[WhiteElo "1288"]
[BlackElo "1451"]
[PlyCount "113"]
[EventDate "2016.08.18"]

1. e4 g6 2. d4 Bg7 3. Nf3 d5 4. exd5 Nf6 5. Bd3 Nxd5 6. c3 Nc6 7. h3 O-O 8. O-O
Re8 9. Bc4 Bf5 10. Bxd5 Qxd5 11. Bf4 Rad8 12. Bxc7 Rd7 13. Bg3 e5 14. Re1 Red8
15. Nxe5 Nxe5 16. Bxe5 Bxe5 17. Qa4 b5 18. Qa5 Bc7 19. Qb4 a5 20. Qb3 Qxb3 21.
axb3 Be6 22. Nd2 Re7 23. Ne4 Kg7 24. Nc5 Bb6 25. Nxe6+ Rxe6 26. Rxe6 fxe6 27.
Re1 Kf7 28. Re3 Kf6 29. Rf3+ Ke7 30. Kf1 Rf8 31. Rd3 Kd6 32. c4 bxc4 33. bxc4
Kc6 34. f3 Rd8 35. Re3 Kd7 36. c5 Bc7 37. Ke2 Ke7 38. Kd3 e5 39. Re4 Ke6 40.
Kc4 Rxd4+ 41. Kb5 Kd5 42. Re1 Rb4+ 43. Ka6 Kxc5 44. Rc1+ Rc4 45. Rd1 Kc6 46.
Ka7 Rc2 47. Rg1 Kb5 48. Kb7 Bd6 49. Rd1 Kc5 50. Ka6 Rxb2 51. Rc1+ Kd5 52. Kxa5
Rxg2 53. Kb5 Rg3 54. Re1 Ke6 55. Kc6 Be7 56. f4 Rc3+ 57. Kb7 0-1

[Event "European Youth Chess Championship B8"]
[Site "Prague, Top Hotel Prague"]
[Date "2016.08.26"]
[Round "8.11"]
[White "Hartofylakas, Spyros"]
[Black "Magold, Filip"]
[Result "0-1"]
[WhiteElo "1254"]
[BlackElo "1431"]
[PlyCount "22"]
[EventDate "2016.08.18"]

1. e4 c6 2. d4 d5 3. e5 Bf5 4. Nf3 e6 5. Bd3 Bxd3 6. Qxd3 Nd7 7. Na3 Qb6 8. Qb3
c5 9. O-O Be7 10. dxc5 Qxb3 11. axb3 Bxc5 {n.r.} 0-1

[Event "European Youth Chess Championship B8"]
[Site "Prague, Top Hotel Prague"]
[Date "2016.08.26"]
[Round "8.13"]
[White "Wierzbicki, Dawid"]
[Black "Azimov, Timur"]
[Result "1-0"]
[WhiteElo "1391"]
[BlackElo "1324"]
[PlyCount "167"]
[EventDate "2016.08.18"]

1. e4 c5 2. Nc3 d6 3. g3 Nf6 4. Bg2 g6 5. d3 Bg7 6. Be3 Nbd7 7. h3 O-O 8. Nge2
a6 9. Qd2 Rb8 10. Bh6 Ne8 11. h4 Ndf6 12. Bxg7 Nxg7 13. O-O Bd7 14. Rad1 Qc8
15. Nf4 b5 16. Nfd5 Nxd5 17. Nxd5 Re8 18. Kh2 Be6 19. c4 Bxd5 20. exd5 b4 21.
d4 a5 22. Bh3 Qc7 23. dxc5 Qxc5 24. b3 Rb7 25. Rfe1 Ra8 26. Qc2 Rba7 27. Re2 a4
28. Kg2 axb3 29. Qxb3 Ra3 30. Qc2 Rxa2 31. Qxa2 Rxa2 32. Rxa2 h6 33. Ra8+ Kh7
34. Rc8 Qa7 35. Rb1 Qa3 36. Rb8 Qa7 37. R1xb4 f5 38. Kg1 g5 39. hxg5 hxg5 40.
Bf1 Kg6 41. Bd3 Kf7 42. Kg2 {n.r.} g4 43. f3 gxf3+ 44. Kxf3 Qa5 45. g4 fxg4+
46. Kxg4 Qc5 47. Kf3 Qd4 48. Rb3 Qf6+ 49. Ke2 Qe5+ 50. Kd2 Nf5 51. Bxf5 Qxf5
52. Kc3 Qe5+ 53. Kb4 Qe1+ 54. Kb5 Qf2 55. Rc8 Qf1 56. Rb4 Qa1 57. Ra4 Qb1+ 58.
Kc6 Qb3 59. Rca8 Qe3 60. R8a5 Qb3 61. Kc7 Qc3 62. Rb5 Qc2 63. Rbb4 Qf2 64. Ra5
Qd2 65. Raa4 Qd4 66. Rb5 Qd1 67. Raa5 Qc2 68. c5 Qh2 69. c6 e6 70. Kb7 exd5 71.
c7 Qg2 72. c8=Q d4+ 73. Qc6 Qxc6+ 74. Kxc6 d3 75. Rd5 d2 76. Rxd2 d5 77. Raxd5
Ke6 78. Rc2 Kf6 79. Rd1 Kf5 80. Rf1+ Kg4 81. Rg2+ Kh3 82. Rgg1 Kh2 83. Rg7 Kh3
84. Rh1# 1-0

[Event "European Youth Chess Championship B8"]
[Site "Prague, Top Hotel Prague"]
[Date "2016.08.26"]
[Round "8.15"]
[White "Zieba, Hubert"]
[Black "Kolesov, Gordey"]
[Result "0-1"]
[WhiteElo "1142"]
[BlackElo "1627"]
[PlyCount "98"]
[EventDate "2016.08.18"]

1. c4 Nf6 2. Nc3 e6 3. g3 d5 4. Bg2 d4 5. Ne4 Nxe4 6. Bxe4 Be7 7. d3 c5 8. Bg2
Nc6 9. Nf3 e5 10. O-O O-O 11. b3 Bg4 12. h3 Bh5 13. Ba3 Rc8 14. Nd2 f5 15. Nb1
Bg6 16. Nd2 Re8 17. Qc2 b6 18. Kh2 Bf6 19. Rac1 Qd7 20. Bd5+ Kh8 21. Bg2 Red8
22. Rcd1 Re8 23. Rfe1 Nd8 24. e4 dxe3 25. Rxe3 Bg5 26. Re2 Nc6 27. Nf3 Bh5 28.
Nxg5 Nd4 29. Qd2 Bxe2 30. Re1 Bh5 31. Bd5 h6 32. Ne6 Rxe6 33. Bxe6 Qxe6 34. Qe3
Nf3+ 35. Kg2 Nxe1+ 36. Qxe1 e4 37. dxe4 Qxe4+ 38. Qxe4 fxe4 39. g4 Be8 40. Bxc5
bxc5 41. b4 cxb4 42. a4 bxa3 43. c5 a2 44. g5 a1=Q 45. gxh6 Bc6 46. hxg7+ Qxg7+
47. Kf1 Bb5+ 48. Ke1 Rd8 49. h4 Qc3# 0-1

[Event "European Youth Chess Championship B8"]
[Site "Prague, Top Hotel Prague"]
[Date "2016.08.26"]
[Round "8.16"]
[White "Verma, Shlok"]
[Black "Costa, Leonardo"]
[Result "0-1"]
[WhiteElo "1199"]
[BlackElo "1600"]
[PlyCount "64"]
[EventDate "2016.08.18"]

1. d4 d5 2. Nf3 e6 3. Bf4 c5 4. c3 Nc6 5. e3 Nf6 6. Nbd2 Be7 7. Bd3 O-O 8. h3
h6 9. Bh2 Re8 10. Ne5 Bd6 11. f4 Bd7 12. Ndf3 a6 13. g4 c4 14. Bc2 Bxe5 15.
Nxe5 Nxe5 16. fxe5 Nh7 17. Bxh7+ Kxh7 18. Qf3 Rf8 19. e4 Bc6 20. O-O-O Kg8 21.
Qe2 b5 22. exd5 Bxd5 23. Rhf1 a5 24. Qd2 Qe7 25. a3 Rfb8 26. Bg3 b4 27. axb4
axb4 28. Qf4 bxc3 29. bxc3 Ra2 30. Rd2 Ra1+ 31. Kc2 Rb2+ 32. Kxb2 Qa3+ 0-1

[Event "European Youth Chess Championship B8"]
[Site "Prague, Top Hotel Prague"]
[Date "2016.08.26"]
[Round "8.19"]
[White "Tetyuev, Stepan"]
[Black "Nguyen, Thai Dang Vi"]
[Result "1-0"]
[WhiteElo "1350"]
[BlackElo "1255"]
[PlyCount "67"]
[EventDate "2016.08.18"]

1. e4 e5 2. Nf3 Nc6 3. Bb5 Nf6 4. Nc3 d6 5. d4 Bd7 6. Bxc6 Bxc6 7. Qd3 exd4 8.
Nxd4 Qd7 9. Be3 Be7 10. Nf5 O-O 11. e5 Ng4 12. exd6 Bxd6 13. Nxd6 Qxd6 14. Qxd6
cxd6 15. Bf4 Bxg2 16. Rg1 Rfe8+ 17. Kd2 Bf3 18. Rg3 Nxh2 19. Rh3 Nf1+ 20. Rxf1
Bg2 21. Rfh1 Bxh1 22. Rxh1 Rad8 23. Rd1 a6 24. Kc1 Re6 25. Nd5 Re2 26. Be3 Re8
27. Nc3 R2xe3 28. fxe3 Re6 29. Na4 Kf8 30. Nb6 Ke7 31. c4 g5 32. Nd5+ Kd7 33.
Rf1 f5 34. Rxf5 1-0

[Event "European Youth Chess Championship B8"]
[Site "Prague, Top Hotel Prague"]
[Date "2016.08.26"]
[Round "8.21"]
[White "Wielgus, Wojciech"]
[Black "Shelukhin, Ilya"]
[Result "1-0"]
[WhiteElo "1151"]
[BlackElo "1284"]
[PlyCount "39"]
[EventDate "2016.08.18"]

1. e4 c5 2. Nf3 d6 3. d4 cxd4 4. Nxd4 Nf6 5. Nc3 a6 6. Be3 e6 7. f3 Nbd7 8. g4
Ne5 9. g5 Nfd7 10. h4 Qc7 11. Qd2 b5 12. O-O-O Nb6 13. Qh2 Nec4 14. Bf2 Nxb2
15. Kxb2 b4 16. Nce2 a5 17. Nb5 Qc4 18. Nxd6+ Bxd6 19. Qxd6 Ba6 20. Bc5 1-0

[Event "European Youth Chess Championship B8"]
[Site "Prague, Top Hotel Prague"]
[Date "2016.08.26"]
[Round "8.23"]
[White "Solovyev, Nikolay"]
[Black "Ribstein, Orel"]
[Result "0-1"]
[WhiteElo "1032"]
[BlackElo "1315"]
[PlyCount "68"]
[EventDate "2016.08.18"]

1. e4 c5 2. c3 Nf6 3. e5 Nd5 4. d4 cxd4 5. Qxd4 e6 6. Nf3 Nc6 7. Qe4 d6 8. Bb5
Bd7 9. c4 Nb6 10. exd6 Bxd6 11. O-O a6 12. Rd1 Qe7 13. Be3 Bc7 14. c5 Nd5 15.
Bc4 Nxe3 16. Qxe3 O-O 17. Nc3 Rab8 18. a4 Na5 19. Ba2 Nc6 20. Rab1 Ba5 21. Qd2
Rfd8 22. Qe3 Nb4 23. Bb3 Bc6 24. Ne5 h6 25. Nd3 Nxd3 26. Rxd3 Rxd3 27. Qxd3 Rd8
28. Qe3 Qf6 29. Rc1 Bc7 30. Bc2 Bf4 31. Ne4 Bxe4 32. Qxe4 Bxc1 33. Qxb7 Qe5 34.
c6 Qe1# 0-1

[Event "European Youth Chess Championship B8"]
[Site "Prague, Top Hotel Prague"]
[Date "2016.08.27"]
[Round "9.1"]
[White "Pashikyan, Rudolf"]
[Black "Pingin, Artem"]
[Result "1/2-1/2"]
[WhiteElo "1465"]
[BlackElo "1560"]
[PlyCount "53"]
[EventDate "2016.08.18"]

1. e4 c5 2. Nf3 a6 3. c3 Nf6 4. e5 Nd5 5. d4 cxd4 6. cxd4 Nc6 7. a3 d6 8. Bc4
Nb6 9. Ba2 dxe5 10. d5 e4 11. Ng5 Ne5 12. Nxe4 Bf5 13. Nbc3 g6 14. O-O Bg7 15.
d6 h6 16. Be3 Nc8 17. f4 Nd7 18. Qb3 O-O 19. Qxb7 Nxd6 20. Nxd6 exd6 21. Rad1
Rb8 22. Qxa6 Rxb2 23. Bd4 Qa8 24. Qxa8 Rxa8 25. Bxg7 Kxg7 26. a4 Nc5 27. Rxd6
1/2-1/2

[Event "European Youth Chess Championship B8"]
[Site "Prague, Top Hotel Prague"]
[Date "2016.08.27"]
[Round "9.2"]
[White "Mogirzan, Matei-Valeriu"]
[Black "Cohen, Elad"]
[Result "0-1"]
[WhiteElo "1475"]
[BlackElo "1456"]
[PlyCount "100"]
[EventDate "2016.08.18"]

1. e4 e5 2. Nf3 Nc6 3. Bb5 d6 4. d4 Bd7 5. Bxc6 Bxc6 6. Nc3 Nf6 7. Qd3 exd4 8.
Nxd4 Be7 9. Bf4 O-O 10. O-O-O Nd7 11. Qg3 Bf6 12. Nd5 Bxd5 13. exd5 Bxd4 14.
Rxd4 Qf6 15. Rhd1 Rfe8 16. Bg5 Qe5 17. Qg4 f5 18. Qh5 g6 19. Qh6 Qg7 20. Qxg7+
Kxg7 21. b3 Kf7 22. Be3 a6 23. h3 b6 24. g4 fxg4 25. hxg4 Kg7 26. g5 Kg8 27.
Rh4 Re7 28. Rdh1 Rf7 29. Rh6 Nf8 30. R6h4 Nd7 31. Re4 Ne5 32. Bd4 Nf3 33. Bf6
Raf8 34. Rh3 Rxf6 35. gxf6 Ng5 36. f7+ Kg7 37. Ree3 Nxh3 38. Rxh3 Rxf7 39. Rh2
Rf8 40. Kb2 h5 41. c4 a5 42. Ka3 Kh6 43. Ka4 g5 44. Kb5 Rf7 45. Kc6 h4 46. f3
Kh5 47. Rg2 Rg7 48. f4 g4 49. f5 h3 50. f6 Rf7 0-1

[Event "European Youth Chess Championship B8"]
[Site "Prague, Top Hotel Prague"]
[Date "2016.08.27"]
[Round "9.3"]
[White "Habans, Aguerrea Javier"]
[Black "Suleymanov, Ali"]
[Result "1-0"]
[WhiteElo "1544"]
[BlackElo "1378"]
[PlyCount "53"]
[EventDate "2016.08.18"]

1. e4 e6 2. d4 d5 3. Nd2 dxe4 4. Nxe4 Nd7 5. Bd3 Ngf6 6. Qe2 Be7 7. Nf3 O-O 8.
Bg5 h6 9. h4 Nd5 10. Bd2 b6 11. O-O-O Bb7 12. g4 Rc8 13. Rdg1 N5f6 14. g5 Nxe4
15. Bxe4 Bxe4 16. Qxe4 h5 17. g6 Nf6 18. gxf7+ Rxf7 19. Qxe6 Nd7 20. Rxg7+ Kxg7
21. Bh6+ Kh8 22. Qxf7 Bf6 23. Ng5 Bxg5+ 24. hxg5 Qg8 25. Bg7+ Qxg7 26. Rxh5+
Qh7 27. Rxh7# 1-0

[Event "European Youth Chess Championship B8"]
[Site "Prague, Top Hotel Prague"]
[Date "2016.08.27"]
[Round "9.5"]
[White "Thatte, Nishchal"]
[Black "Milanovic, Marko"]
[Result "0-1"]
[WhiteElo "1397"]
[BlackElo "1372"]
[PlyCount "58"]
[EventDate "2016.08.18"]

1. e4 e5 2. Nf3 Nc6 3. d4 exd4 4. Nxd4 Nf6 5. Nc3 Bb4 6. Nxc6 bxc6 7. Bd3 O-O
8. O-O d5 9. e5 Ng4 10. Bf4 f6 11. exf6 Qxf6 12. Be3 Qh4 13. h3 Bd6 14. Qe2 Re8
15. Qd2 Nh2 16. Rfd1 Bxh3 17. Bg5 Qg4 18. Bxh7+ Kh8 19. f4 Nf3+ 20. Kh1 Nxd2
21. Rxd2 Kxh7 22. gxh3 Qf3+ 23. Kg1 Qe3+ 24. Rf2 Qg3+ 25. Kf1 Qxh3+ 26. Kg1 Bc5
27. Rd1 Qg3+ 28. Kh1 Bxf2 29. Rc1 Qh3# 0-1

[Event "European Youth Chess Championship B8"]
[Site "Prague, Top Hotel Prague"]
[Date "2016.08.27"]
[Round "9.6"]
[White "Dovbnia, Nikita"]
[Black "Sepiashvili, Ivan"]
[Result "1/2-1/2"]
[WhiteElo "1356"]
[BlackElo "1401"]
[PlyCount "85"]
[EventDate "2016.08.18"]

1. c4 e6 2. e4 d5 3. exd5 exd5 4. cxd5 Nf6 5. Bb5+ Bd7 6. Be2 Nxd5 7. Nc3 Nf6
8. Nf3 Be7 9. O-O O-O 10. d3 c6 11. Qc2 h6 12. h3 Be6 13. Bf4 Nd5 14. Nxd5 Bxd5
15. Nd2 Bg5 16. Bxg5 Qxg5 17. Bf3 Rd8 18. Rfd1 Na6 19. a3 Nc7 20. Qc5 Ne6 21.
Qe3 Nf4 22. h4 Nh3+ 23. Kf1 Bxf3 24. Nxf3 Qf5 25. Qe4 Qxe4 26. dxe4 Nf4 27. g3
Nd3 28. Rab1 Nc5 29. e5 Nb3 30. Ke2 c5 31. Ke3 Kf8 32. Nd2 Nxd2 33. Rxd2 Rxd2
34. Kxd2 Rd8+ 35. Kc3 b5 36. b3 Rd5 37. f4 Rd4 38. b4 a6 39. bxc5 Rc4+ 40. Kb3
Rxc5 41. Kb4 Rd5 42. Rb3 Rd4+ 43. Ka5 1/2-1/2